| 000 | 01244cam a2200397 i 4500 | ||
|---|---|---|---|
| 001 | 0000593 | ||
| 003 | DO-SdBNP | ||
| 005 | 20241024115503.0 | ||
| 006 | a|||||r|||| 00| || | ||
| 007 | 0000593 | ||
| 008 | 100514s 2000 sp p | ||||dd 000 f spa | ||
| 010 | _a140901t2000||r|||||||p|| III|||| || d d | ||
| 015 | _a | ||
| 017 |
_a _b |
||
| 035 | _a | ||
| 040 |
_aBPMSU _bspa _cBPMSU _e rda |
||
| 080 | _a | ||
| 082 | 4 |
_aRD864.44 _bM671b 2000 _222 |
|
| 100 | 1 |
_aMir, Pedro _d1913-2000 _eautor |
|
| 245 | 1 | 3 |
_aLa bella historia del hambre dominicana / _cPedro Mir |
| 250 | _a2a. ed. | ||
| 264 |
_aSanto Domingo : _bConsejo Nacional de Educación Superior, _c2000 |
||
| 300 |
_a276 páginas _c19 cm |
||
| 306 | _a | ||
| 336 |
_aTexto _btxt _2rdacontent |
||
| 337 |
_asin mediación _bn _2rdamedia |
||
| 338 |
_avulumen _bnc _0rdacarrier |
||
| 500 | _a Incluye referencias bibliográficas y notas al pie de las páginas | ||
| 590 | _aInventariado, 2024/VM | ||
| 650 | 4 | _aEnsayos dominicanos | |
| 650 | 4 | _a | |
| 651 | 4 |
_aRepública Dominicana _xCondiciones sociales |
|
| 710 | 2 | _a Consejo Nacional de Educación Superior(República Dominicana) | |
| 910 | _aVMateo V. Control de calidad. BPMSU | ||
| 942 |
_2ddc _cBK |
||
| 999 |
_c14838 _d14838 |
||